Reader's and writer's Notebook: (Record no. 106373)
[ view plain ]
| 000 -LEADER | |
|---|---|
| fixed length control field | 00481nam a2200169 a 4500 |
| 005 - DATE AND TIME OF LATEST TRANSACTION | |
| control field | 20140412111431.0 |
| 008 - FIXED-LENGTH DATA ELEMENTS--GENERAL INFORMATION | |
| fixed length control field | 130611s19uu xx 00 eng d |
| 020 ## - INTERNATIONAL STANDARD BOOK NUMBER | |
| International Standard Book Number | 9780328691111 |
| 050 ## - LIBRARY OF CONGRESS CALL NUMBER | |
| Classification number | TR(GS 372 |
| Item number | F716 201_? |
| 100 ## - MAIN ENTRY--PERSONAL NAME | |
| Personal name | Foresman, Scott |
| 245 ## - TITLE STATEMENT | |
| Title | Reader's and writer's Notebook: |
| Remainder of title | Grade two (2) Volume 2. |
| 260 ## - PUBLICATION, DISTRIBUTION, ETC. (IMPRINT) | |
| Place of publication, distribution, etc | USA : |
| Name of publisher, distributor, etc | Pearson Education, |
| Date of publication, distribution, etc | 201_?. |
| 300 ## - PHYSICAL DESCRIPTION | |
| Extent | 576 |
| 440 ## - SERIES STATEMENT/ADDED ENTRY--TITLE | |
| Title | Reading Street |
| 650 ## - SUBJECT ADDED ENTRY--TOPICAL TERM | |
| Topical term or geographic name as entry element | Reasding-Study and teaching. |
| Withdrawn status | Lost status | Damaged status | Use restrictions | Home library | Current library | Shelving location | Date acquired | Source of acquisition | Total Checkouts | Full call number | Barcode | Date last seen | Price effective from | Koha item type |
|---|---|---|---|---|---|---|---|---|---|---|---|---|---|---|
| Elizalde Library | Elizalde Library | Teachers Reference Section | 06/11/2013 | TR(GS 372 F716 201_? | E11639 | 04/12/2014 | 04/12/2014 | Books |